Catholic University of Zimbabwe Library
Online Public Access Catalogue
(OPAC)

Introduction to English law, (Record no. 44808)

MARC details
000 -LEADER
fixed length control field 00641cam a2200229 4500
001 - CONTROL NUMBER
control field 3144509
008 - FIXED-LENGTH DATA ELEMENTS--GENERAL INFORMATION
fixed length control field 730416s1972 enk 001 0 eng
010 ## - LIBRARY OF CONGRESS CONTROL NUMBER
LC control number 73151916
020 ## - INTERNATIONAL STANDARD BOOK NUMBER
International Standard Book Number 0406604940
-- 0406604939 (pbk)
040 ## - CATALOGING SOURCE
Original cataloging agency DLC
Transcribing agency CUZ
Modifying agency CUZ
Language of cataloging eng
Description conventions rda
050 00 - LIBRARY OF CONGRESS CALL NUMBER
Classification number KD661
Item number JAM
100 1# - MAIN ENTRY--PERSONAL NAME
Personal name James, Philip S.
245 10 - TITLE STATEMENT
Title Introduction to English law,
Statement of responsibility, etc. by Philip S. James.
250 ## - EDITION STATEMENT
Edition statement 8th edition.
264 ## - PRODUCTION, PUBLICATION, DISTRIBUTION, MANUFACTURE, AND COPYRIGHT NOTICE
Place of production, publication, distribution, manufacture London:
Name of producer, publisher, distributor, manufacturer Butterworths,
Date of production, publication, distribution, manufacture, or copyright notice 1972.
300 ## - PHYSICAL DESCRIPTION
Extent xxxv, 482 pages.
Dimensions 22 cm.
650 #0 - SUBJECT ADDED ENTRY--TOPICAL TERM
Topical term or geographic name entry element Law
942 ## - ADDED ENTRY ELEMENTS (KOHA)
Koha item type OS Book
336 ## - CONTENT TYPE
Content type term text
Content type code txt
337 ## - MEDIA TYPE
Media type term unmediated
Media type code n
338 ## - CARRIER TYPE
Source rdacarrier
Holdings
Withdrawn status Lost status Source of classification or shelving scheme Damaged status Not for loan Collection code Home library Current library Shelving location Date acquired Inventory number Total Checkouts Full call number Barcode Date last seen Price effective from Koha item type
          Non-fiction CUZ Harare Campus CUZ Harare Campus Open Shelf 18.08.2023 CUZ15677   KD661 JAM BK009507 22.05.2025 18.08.2023 OS Book

OPENING HOURS

Weekdays: 0815hrs - 1800hrs
Weekends:0900hrs - 1200hrs

Closed for Mass:

Mon, Thur: 1200hrs - 1300hrs
Sunday & Public Holiday’s

CALL SUPPORT

0242-570570, 0242-570169
09200664, +263 8644140602

LOCATION

18443, Cranborne Avenue, Hatfield, Harare

Other Links


©2021 | CUZ Library